Villes d'Asie par images - Statistiques

Statistiques générales
  • Ce quiz a été pris 320 fois
  • Le résultat moyen est 9 sur 24
Statistiques - réponses
Par images Réponse % Correct
Tokyo
98%
La Mecque
73%
Dubaï
69%
Pékin
69%
Kuala Lumpur
65%
Jérusalem
62%
Singapour
62%
Shanghai
61%
Hong Kong
55%
Bangkok
43%
Taipei
42%
New Delhi
34%
Katmandou
32%
Séoul
28%
Mumbai
24%
Bakou
20%
Samarcande
17%
Achgabat
16%
Jakarta
16%
Ho Chi Minh Ville
14%
Ispahan
10%
Damas
9%
Dacca
8%
Iekaterinbourg
7%
Aucun quiz correspondant
Distribution des résultats
% des personnes avec chaque résultat
Percentile par nombre de réponses
Votre historique - résultats
Vous n’avez pas pris ce quiz